000
00215nam a2200109Ia 4500
100
_a
#N/A
942
_c
BK
245
_a
Digit Dec 2013 window tools ;Linux tools
260
_b
#N/A
546
_a
ENGLISH
999
_c
31214
_d
31214